[Event "Istanbul Open 2018"]
[Site "Istanbul"]
[Date "2018.09.02"]
[Round "2"]
[White "Kavacik, Ahmet"]
[Black "Yilmaz, Gokcen"]
[Result "1-0"]
[WhiteElo "1800"]
[BlackElo "1464"]
[Annotator "NA"]
[PlyCount "79"]
[EventDate "2018.09.02"]
[EventType "swiss"]
[EventCountry "TUR"]
[SourceTitle "playchess.com"]
[Source "ChessBase"]
[SourceQuality "1"]
[TimeControl "5400+30"]

1. d4 {[%emt 0:02:30]} d5 {[%emt 0:01:30]} 2. c4 {[%emt 0:00:30]} c6 {[%emt 0:00:00]} 3. Nf3 {[%emt 0:01:30]} Nf6 {[%emt 0:00:00]} 4. e3 {[%emt 0:00:30]} g6 {[%emt 0:00:30]} 5. Nc3 {[%emt 0:00:30]} Bg7 {[%emt 0:00:00]} 6. b3 {[%emt 0:01:30]} O-O {[%emt 0:00:00]} 7. Bd3 {[%emt 0:00:00]} Bg4 {[%emt 0:00:30]} 8. h3 {[%emt 0:00:00]} Bxf3 {[%emt 0:00:30]} 9. Qxf3 {[%emt 0:00:30]} Nbd7 {[%emt 0:01:30]} 10. O-O {[%emt 0:01:30]} e6 {[%emt 0:00:30]} 11. Bb2 {[%emt 0:01:30]} Re8 {[%emt 0:00:30]} 12. e4 {[%emt 0:01:30] D94: Grünfeldindisch (Geschlossenes System)} (12. Rfd1 Qe7 13. a4 a5 14. Ba3 Qd8 15. Bd6 Bf8 16. Bg3 Qb6 17. Rab1 Qb4 18. Ne2 Bg7 19. cxd5 exd5 20. Rdc1 Nf8 {1-0 (51) Shirov,A (2673)-Artemiev,V (2653) Moscow 2016}) 12... dxe4 {[%emt 0:01:30]} 13. Nxe4 {[%emt 0:00:30]} Nxe4 {[%emt 0:00:30]} 14. Bxe4 {[%emt 0:00:30]} Nf6 {[%emt 0:00:30]} ({Günstiger ist} 14... e5 $15) 15. Bc2 {[%emt 0:00:30]} Nh5 $146 {[%emt 0:01:30]} ({Vorgänger:} 15... Qb6 16. Rad1 Nd7 17. Rfe1 Qa6 18. Bb1 Rad8 19. h4 c5 {0-1 (42) Wittkugel,F (1941)-Langmann,C (1834) Buesum 2017}) 16. Rad1 {[%emt 0:00:30]} Qf6 {[%emt 0:02:30]} 17. Qe3 {[%emt 0:02:30]} Qf4 {[%emt 0:00:30]} 18. Bc1 {[%emt 0:03:30]} Qxe3 {[%emt 0:00:30]} 19. Bxe3 {[%emt 0:00:30]} Red8 {[%emt 0:00:30]} 20. Rd2 {[%emt 0:02:30]} Rd7 {[%emt 0:00:30]} 21. Rfd1 {[%emt 0:00:30]} Rad8 {[%emt 0:00:30]} 22. Be4 {[%emt 0:00:30]} a6 {[%emt 0:03:30]} 23. d5 {[%emt 0:00:30]} exd5 {[%emt 0:02:30]} ({Günstiger ist} 23... cxd5 $1 $11 24. Bf3 Nf6) 24. cxd5 {[%emt 0:00:30]} Nf6 {[%emt 0:00:30]} 25. Bf3 {[%emt 0:06:30]} Nxd5 {[%emt 0:01:30]} 26. Bg5 {[%emt 0:02:30]} Bf6 {[%emt 0:03:30]} 27. Bxd5 {[%emt 0:07:30]} (27. Rxd5 $5 Rxd5 28. Rxd5 Rxd5 29. Bxf6 $14) 27... Rxd5 $4 {[%emt 0:10:30]} (27... Bxg5 $11 {und Schwarz muss sich keine Sorgen machen.} 28. Bxf7+ Rxf7 29. Rxd8+ Bxd8 30. Rxd8+ Kg7) 28. Rxd5 {[%emt 0:01:30]} Rxd5 {[%emt 0:00:00]} 29. Rxd5 {[%emt 0:00:00]} cxd5 {[%emt 0:00:00]} 30. Bxf6 {[%emt 0:01:00]} Kf8 {[%emt 0:00:30]} 31. Kf1 {[%emt 0:00:30]} Ke8 {[%emt 0:00:00]} 32. Ke2 {[%emt 0:00:30]} Kd7 {[%emt 0:00:00]} 33. Kd3 {[%emt 0:00:00]} Ke6 {[%emt 0:00:30]} 34. Bb2 {[%emt 0:00:00]} b6 {[%emt 0:02:30]} 35. g4 {[%emt 0:00:30]} Kd6 {[%emt 0:00:30]} 36. Kd4 {[%emt 0:00:30]} Ke6 {[%emt 0:00:30]} 37. a4 $18 {[%emt 0:00:00]} Kd6 {[%emt 0:00:30]} 38. Ba3+ {[%emt 0:00:00]} Ke6 {[%emt 0:00:30]} 39. f4 {[%emt 0:00:30]} f5 {[%emt 0:00:00]} 40. g5 {[%emt 0:00:00]} 1-0

[Event "Istanbul Open 2018"]
[Site "Istanbul"]
[Date "2018.09.02"]
[Round "2"]
[White "Yildiz, Erhan"]
[Black "Acikgoz, Onder"]
[Result "0-1"]
[WhiteElo "1777"]
[BlackElo "1565"]
[Annotator "NA"]
[PlyCount "160"]
[EventDate "2018.09.02"]
[EventType "swiss"]
[EventCountry "TUR"]
[SourceTitle "playchess.com"]
[Source "ChessBase"]
[SourceQuality "1"]
[TimeControl "5400+30"]

1. e4 e6 2. d4 d5 3. exd5 exd5 4. Bd3 Nf6 5. Nf3 Bd6 6. O-O O-O 7. Bg5 h6 8. Bh4 Bg4 9. Re1 Nbd7 10. Nbd2 c6 11. h3 Bxf3 12. Nxf3 Qc7 13. Bxf6 Nxf6 14. Nh4 g6 15. Qf3 Kg7 16. Re2 Rfe8 17. Rae1 Rxe2 18. Rxe2 Re8 19. Rxe8 Nxe8 20. Qg4 Nf6 21. Nf5+ Kf8 22. Qh4 Ng8 23. Nxh6 Be7 24. Qg4 Nxh6 25. Qf3 Kg7 26. g4 Bg5 27. c3 Qf4 28. Qe2 Ng8 29. Kg2 Nf6 30. a4 a5 31. Qe1 Qd2 32. Qe2 Qxe2 33. Bxe2 Bc1 34. b4 Bd2 35. bxa5 Bxc3 36. a6 bxa6 37. Bxa6 Bxd4 38. Bb7 c5 39. g5 Ne4 40. Bxd5 Nxg5 41. a5 Be5 42. a6 Bb8 43. f4 Ne6 44. Kf3 Nxf4 45. a7 Bxa7 46. Kxf4 Kf6 47. Kg4 Bb8 48. Bc4 Bd6 49. h4 Kg7 50. Be2 f5+ 51. Kf3 Kf6 52. Ke3 Bf8 53. Kd3 Ke5 54. h5 g5 55. Ke3 g4 56. Bd3 Bh6+ 57. Kf2 Bg5 58. Kg3 Bf4+ 59. Kf2 Kf6 60. Bc4 Bh6 61. Kg3 Kg5 62. Bf7 f4+ 63. Kf2 Kf6 64. Bb3 Ke5 65. Bf7 Kd4 66. Be6 g3+ 67. Kf3 c4 68. Bf5 c3 69. Bc2 Kc4 70. Be4 Kb3 71. Kg4 c2 72. Bxc2+ Kxc2 73. Kf5 f3 74. Kg6 Bd2 75. h6 Bxh6 76. Kh5 g2 77. Kh4 g1=Q 78. Kh3 Bf4 79. Kh4 Qg3+ 80. Kh5 Qg5# 0-1

[Event "Istanbul Open 2018"]
[Site "Istanbul"]
[Date "2018.09.02"]
[Round "2"]
[White "Kaymak, Cenk Bahadir"]
[Black "Gundogan, Sinem Cagla"]
[Result "0-1"]
[WhiteElo "1543"]
[BlackElo "1834"]
[Annotator "NA"]
[PlyCount "108"]
[EventDate "2018.09.02"]
[EventType "swiss"]
[EventCountry "TUR"]
[SourceTitle "playchess.com"]
[Source "ChessBase"]
[SourceQuality "1"]
[TimeControl "5400+30"]

1. d4 {[%emt 0:04:30]} d5 {[%emt 0:00:30]} 2. Nf3 {[%emt 0:00:30]} Nf6 {[%emt 0:00:30]} 3. g3 {[%emt 0:00:30]} c6 {[%emt 0:01:30]} 4. Bg2 {[%emt 0:00:00]} Nbd7 {[%emt 0:02:30]} 5. O-O {[%emt 0:00:00]} e6 {[%emt 0:00:30]} 6. b3 {[%emt 0:02:30]} Bd6 {[%emt 0:01:30]} 7. Bb2 {[%emt 0:00:30]} Qc7 {[%emt 0:00:30]} 8. c4 {[%emt 0:01:30]} b6 {[%emt 0:00:30]} 9. Nbd2 {[%emt 0:02:30] E01: Catalan: Early deviations} O-O {[%emt 0:04:30]} 10. Re1 {[%emt 0:01:30]} Bb7 {[%emt 0:00:00]} 11. Rc1 {[%emt 0:01:30]} c5 $146 {[%emt 0:00:00]} ({Predecessor:} 11... Rad8 12. Qc2 Rfe8 13. e4 dxe4 14. Nxe4 Nxe4 15. Rxe4 c5 16. Rh4 {½-½ (49) Bryakin,M (2333)-Mestnikov,A (2241) Moscow 2017}) 12. cxd5 {[%emt 0:05:30]} exd5 {[%emt 0:00:00]} 13. e3 {[%emt 0:07:30]} Rfc8 {[%emt 0:00:00]} 14. dxc5 {[%emt 0:02:30]} bxc5 {[%emt 0:00:00]} 15. Qc2 {[%emt 0:08:30]} (15. e4 $5 dxe4 16. Ng5 $14) 15... a5 {[%emt 0:00:00]} 16. Ba1 {[%emt 0:01:30] [#]} a4 $1 {[%emt 0:00:00]} 17. Red1 {[%emt 0:01:30]} axb3 {[%emt 0:00:00]} 18. axb3 {[%emt 0:01:30]} Ra7 {[%emt 0:00:00]} 19. Bc3 {[%emt 0:03:30]} Rca8 {[%emt 0:00:00]} 20. Ra1 {[%emt 0:00:30]} Rxa1 {[%emt 0:00:00]} 21. Rxa1 {[%emt 0:00:30]} Rxa1+ {[%emt 0:00:00]} 22. Bxa1 {[%emt 0:00:30]} Ba6 {[%emt 0:00:00]} 23. Qa2 {[%emt 0:04:30]} Qb6 {[%emt 0:00:00]} 24. h3 {[%emt 0:01:30]} h6 {[%emt 0:00:00]} 25. Bf1 {[%emt 0:02:30]} Bxf1 {[%emt 0:00:00]} 26. Kxf1 {[%emt 0:00:30]} Qb5+ {[%emt 0:00:00]} 27. Kg2 {[%emt 0:00:30]} Qd3 {[%emt 0:00:00]} 28. Qa8+ {[%emt 0:02:30]} Kh7 {[%emt 0:00:00]} 29. Qc6 {[%emt 0:01:30]} Bf8 {[%emt 0:00:00]} 30. Qc8 {[%emt 0:02:30]} ({Better is} 30. Qb7 $16) 30... Be7 {[%emt 0:00:00]} 31. Qc7 {[%emt 0:00:30]} (31. Bxf6 $14 Nxf6 32. Qc7) 31... Qf5 {[%emt 0:00:00]} 32. Qc6 {[%emt 0:14:30]} Qe6 {[%emt 0:00:00]} 33. Qa4 {[%emt 0:03:30]} Bd6 {[%emt 0:00:00]} 34. Qh4 {[%emt 0:01:30]} Kg8 {[%emt 0:00:00]} 35. Qa4 {[%emt 0:00:30]} Ne5 {[%emt 0:02:47]} 36. Nxe5 {[%emt 0:01:30]} Bxe5 {[%emt 0:00:07]} 37. Bxe5 {[%emt 0:05:36]} Qxe5 {[%emt 0:00:07]} 38. Qb5 {[%emt 0:01:20]} Qc3 {[%emt 0:01:41]} 39. Qe2 {[%emt 0:05:22]} Qc2 {[%emt 0:00:31]} 40. Kf1 Ne4 41. Nxe4 Qxe4 42. Qb5 c4 43. bxc4 dxc4 44. Qb8+ Kh7 45. Qf4 Qd3+ 46. Ke1 c3 47. e4 Qb1+ 48. Ke2 Kg8 49. Qf5 Qa2+ 50. Kd3 Qd2+ 51. Kc4 g6 52. Qc8+ Kg7 53. Qc5 c2 $19 54. Qe5+ Kh7 0-1

[Event "Istanbul Open 2018"]
[Site "Istanbul"]
[Date "2018.09.02"]
[Round "2"]
[White "Ozgur, Sina"]
[Black "Yetkin, Ayhan"]
[Result "0-1"]
[WhiteElo "1524"]
[BlackElo "1801"]
[Annotator "NA"]
[PlyCount "132"]
[EventDate "2018.09.02"]
[EventType "swiss"]
[EventCountry "TUR"]
[SourceTitle "playchess.com"]
[Source "ChessBase"]
[SourceQuality "1"]
[TimeControl "5400+30"]

1. d4 {[%emt 0:00:30]} Nf6 {[%emt 0:05:30]} 2. c4 {[%emt 0:00:00]} c5 {[%emt 0:01:30]} 3. d5 {[%emt 0:00:00]} e5 {[%emt 0:00:30]} 4. Nc3 {[%emt 0:00:30]} d6 {[%emt 0:00:30]} 5. e4 {[%emt 0:00:30]} Be7 {[%emt 0:02:00]} 6. Nf3 {[%emt 0:01:30]} O-O {[%emt 0:01:30]} 7. Be2 {[%emt 0:02:30]} Nbd7 {[%emt 0:00:30]} 8. O-O {[%emt 0:01:30]} a6 {[%emt 0:05:30]} 9. Bg5 {[%emt 0:01:30] A56: Czech Benoni} (9. a3 Ne8 10. b4 b6 11. Rb1 g6 12. Bh6 Ng7 13. Qd2 Nf6 14. Ne1 Kh8 15. Nd3 Ng8 16. Be3 f5 17. f3 {1-0 (49) So,W (2668)-Flores,D (2615) Khanty-Mansiysk 2010}) 9... Ne8 {[%emt 0:09:30]} 10. Be3 {[%emt 0:02:30]} g6 {[%emt 0:01:30]} 11. Nd2 {[%emt 0:07:30]} Bg5 {[%emt 0:13:30]} 12. f4 {[%emt 0:07:30]} ({White should try} 12. a3 $14) 12... exf4 $146 {[%emt 0:00:30]} ({Predecessor:} 12... Bh6 13. Rf2 {0-1 (57) Choque Paredes,J-Padilla,H Peru 2000}) 13. Bxf4 {[%emt 0:00:30]} Bxf4 {[%emt 0:03:30]} 14. Rxf4 {[%emt 0:00:00]} Ne5 {[%emt 0:06:30]} 15. Qf1 {[%emt 0:09:00]} Ng7 {[%emt 0:07:30]} 16. Rf6 {[%emt 0:12:30]} Nf5 {[%emt 0:05:30]} (16... Bd7 $15) 17. Rxf5 $1 {[%emt 0:02:30]} gxf5 {[%emt 0:00:00]} 18. exf5 {[%emt 0:00:30]} f6 {[%emt 0:07:00]} 19. Nde4 {[%emt 0:02:30]} Qe7 {[%emt 0:04:30]} 20. Qf4 {[%emt 0:02:30]} Bd7 {[%emt 0:02:30]} 21. g4 {[%emt 0:06:30] [#]} ({Better is} 21. a4 $14) 21... Kh8 {[%emt 0:03:34]} ({Black should try} 21... b5 $1 $15 {[%mdl 512]}) 22. Kh1 {[%emt 0:00:00]} (22. a4 $1 $14) 22... Rg8 {[%emt 0:02:05]} 23. Rg1 {[%emt 0:01:00]} Nf7 {[%emt 0:06:32]} 24. h4 {[%emt 0:00:30]} h6 {[%emt 0:01:13]} 25. Rg2 {[%emt 0:14:30]} Rg7 {[%emt 0:03:29]} 26. g5 {[%emt 0:04:37]} hxg5 {[%emt 0:00:32]} 27. hxg5 {[%emt 0:00:23]} Rh7+ {[%emt 0:04:38]} 28. Rh2 {[%emt 0:00:48]} fxg5 {[%emt 0:02:16]} 29. Rxh7+ {[%emt 0:00:52]} Kxh7 {[%emt 0:00:01]} 30. Qh2+ {[%emt 0:00:42]} Kg8 {[%emt 0:01:22]} 31. f6 {[%emt 0:01:05]} Qf8 {[%emt 0:00:29]} 32. Bh5 {[%emt 0:00:40]} Bf5 {[%emt 0:00:59]} 33. Qf2 Qh6 34. Qxf5 Qxh5+ 35. Kg1 Re8 36. Qd7 Rd8 37. Qe6 Kf8 38. Qe7+ Kg8 39. Qe6 g4 40. Ne2 b5 41. N2g3 Qh4 42. Qf5 Qh7 43. Qe6 Qg6 44. Nf5 Kh8 45. Nexd6 Nxd6 46. Nxd6 Qb1+ 47. Kg2 Qxb2+ 48. Kg1 Qa1+ 49. Kg2 Qxa2+ 50. Kg1 Qb1+ 51. Kg2 Qc2+ 52. Kg1 Qd1+ 53. Kg2 Qf3+ 54. Kg1 Qg3+ 55. Kf1 Qxd6 56. Qf7 Qd7 57. Qh5+ Qh7 58. Qe5 Qd3+ 59. Kg2 Qf3+ 60. Kg1 Qd1+ 61. Kg2 Qd2+ 62. Kf1 Qh6 63. f7+ Kh7 64. Qf5+ $19 Kg7 65. Kg2 Qh3+ 66. Kg1 Qg3+ 0-1

[Event "Istanbul Open 2018"]
[Site "Istanbul"]
[Date "2018.09.02"]
[Round "2"]
[White "Ozen, Metehan"]
[Black "Acar, Cengiz Can"]
[Result "1/2-1/2"]
[WhiteElo "1438"]
[BlackElo "1755"]
[Annotator "NA"]
[PlyCount "49"]
[EventDate "2018.09.02"]
[EventType "swiss"]
[EventCountry "TUR"]
[SourceTitle "playchess.com"]
[Source "ChessBase"]
[SourceQuality "1"]
[TimeControl "5400+30"]

1. d4 {[%emt 0:00:30]} g6 {[%emt 0:00:30]} 2. Nf3 {[%emt 0:00:00]} Bg7 {[%emt 0:00:30]} 3. Bf4 {[%emt 0:00:00]} c5 {[%emt 0:00:30]} 4. e3 {[%emt 0:00:30]} Nf6 {[%emt 0:05:30]} 5. c3 {[%emt 0:00:00]} cxd4 {[%emt 0:04:30]} 6. exd4 {[%emt 0:00:00]} d5 {[%emt 0:01:30]} 7. Nbd2 {[%emt 0:00:30]} O-O {[%emt 0:01:30]} 8. Bd3 {[%emt 0:00:30]} Nc6 {[%emt 0:00:00]} 9. h3 {[%emt 0:00:30]} Re8 {[%emt 0:01:00]} 10. O-O {[%emt 0:00:30]} Nh5 {[%emt 0:00:30]} 11. Bh2 {[%emt 0:00:30]} e5 {[%emt 0:00:30]} 12. dxe5 {[%emt 0:00:00]} Nxe5 {[%emt 0:00:00]} 13. Nxe5 {[%emt 0:01:00]} Bxe5 {[%emt 0:00:00]} 14. Bxe5 {[%emt 0:00:30]} Rxe5 {[%emt 0:00:30]} 15. Nf3 {[%emt 0:00:30]} Re8 {[%emt 0:03:30]} 16. Re1 {[%emt 0:07:30]} Rxe1+ {[%emt 0:04:30]} 17. Qxe1 {[%emt 0:00:30]} Be6 {[%emt 0:04:30]} 18. Nd4 {[%emt 0:03:30]} Nf4 {[%emt 0:04:30]} 19. Bf1 {[%emt 0:00:30]} Qg5 {[%emt 0:00:30]} 20. Nxe6 {[%emt 0:01:30]} fxe6 {[%emt 0:12:30]} 21. Qe3 {[%emt 0:02:30]} e5 {[%emt 0:00:30]} 22. g3 {[%emt 0:00:30]} Ne6 {[%emt 0:11:30]} 23. Qxg5 {[%emt 0:01:30]} Nxg5 {[%emt 0:01:30]} 24. Bg2 {[%emt 0:00:30]} Rd8 {[%emt 0:03:30]} 25. Rd1 {[%emt 0:01:30]} 1/2-1/2

[Event "Istanbul Open 2018"]
[Site "Istanbul"]
[Date "2018.09.03"]
[Round "3"]
[White "Bagaturov, Giorgi"]
[Black "Eryigit, Yakup"]
[Result "1-0"]
[WhiteElo "2396"]
[BlackElo "2030"]
[Annotator "TA"]
[PlyCount "87"]
[EventDate "2018.09.02"]
[EventType "swiss"]
[EventCountry "TUR"]
[SourceTitle "playchess.com"]
[Source "ChessBase"]
[SourceQuality "1"]

{[%evp 20,87,18,0,0,0,19,17,22,0,13,20,19,12,45,30,70,67,112,86,77,91,81,44,54,52,40,6,13,18,26,-34,31,16,25,19,24,15,56,48,79,82,155,168,143,118,253,250,252,237,260,275,258,252,254,182,1400,1372,29948,29949,29940,29942,29943,29944,12848,12832,6339,5422,29982,29984]} 1. d4 d5 2. c4 e6 3. Nf3 Nf6 4. Nc3 a6 5. e3 Nbd7 6. b3 b6 7. Bd3 Bb7 8. O-O Bd6 9. Qe2 Ne4 10. Bb2 O-O 11. a3 {LiveBook: 6 Partien. E14: Damenindisch (Zentralsystem)} f5 12. b4 c5 $146 (12... dxc4 {is interesting.} 13. Bxc4 Qf6 14. Rfc1 b5 15. Bb3 Qg6) ({Vorgänger:} 12... dxc4 13. Bxc4 Qf6 14. Rac1 Qg6 15. Nxe4 Bxe4 16. Ne1 b5 17. Bb3 Rae8 18. a4 Nf6 19. f3 Bd5 20. Bxd5 Nxd5 21. Nd3 bxa4 22. Ra1 Nxb4 {½-½ (22) Dreev,A (2697)-Tomashevsky,E (2586) Moscow 2006}) 13. cxd5 {Die Stellung ist ausgeglichen.} exd5 14. dxc5 bxc5 15. bxc5 Ndxc5 16. Rfd1 Qc7 17. Rac1 Rad8 18. Bb1 Kh8 19. Ba2 Nxc3 20. Bxc3 Qe7 21. Bd4 Ne4 22. a4 f4 23. Bb1 fxe3 24. Bxe3 Rde8 25. Bd3 {[#]} (25. Bxe4 $11 Qxe4 26. Qd3) 25... Qf6 ({Lieber} 25... Nxf2 $1 $15 {[%mdl 512]} 26. Bxf2 (26. Qxf2 Qxe3) 26... Qxe2 27. Bxe2 Rxe2) 26. Bxe4 Rxe4 27. Rd4 {[%cal Bd1d4,Bd4g4,Bg4g6,Bg6c6][%mdl 32]} Rfe8 {Weiss muss nun ...Txd4 beachten.} 28. Qb2 R4e7 29. Qb1 ({Vergiftet wäre} 29. Bg5 $2 Qxg5 $1 {[%mdl 512]} 30. a5 Re2 $19) 29... h6 {[#]} 30. Rg4 $1 {[%cal Rg4g6] Und weiter mit Tg6 wäre nett.} Bc8 (30... Be5 $142) 31. Rg6 $16 Qf8 {Droht ...Lf5 und aus.} 32. Nh4 $36 {[%mdl 2048] Weiss hat starke Initiative.} Bf4 (32... Kg8 $16 {kämpft weiter.}) 33. Rgc6 $18 {Sg6+ ist eine echte Drohung.} Bxe3 34. Ng6+ Kg8 35. fxe3 Bf5 36. Nxe7+ ({Weniger gut wäre} 36. Nxf8 Bxb1 37. Rxb1 Kxf8 $14) 36... Rxe7 37. Qb3 Be4 $2 (37... Kh7 38. Rxa6 Be4) 38. Rc8 Re8 39. Qb8 Bg6 40. Rxe8 Bxe8 41. Rc8 Kf7 42. Qf4+ Kg8 43. Qe5 Kf7 44. Qxd5+ {Precision: Weiß = 74%, Schwarz = 24%.} 1-0

[Event "Istanbul Open 2018"]
[Site "Istanbul"]
[Date "2018.09.03"]
[Round "3"]
[White "Aliakbarov, Anar"]
[Black "Tahaoglu, Ugur Barkin"]
[Result "1-0"]
[WhiteElo "2322"]
[BlackElo "1893"]
[Annotator "TA"]
[PlyCount "101"]
[EventDate "2018.09.02"]
[EventType "swiss"]
[EventCountry "TUR"]
[SourceTitle "playchess.com"]
[Source "ChessBase"]
[SourceQuality "1"]

{[%evp 25,101,35,47,43,36,28,35,45,125,18,14,2,9,0,0,-6,0,0,0,-19,0,0,-7,-19,-19,-28,-27,-27,-33,-28,-28,-63,-64,-144,-77,-106,-62,-137,-6,-6,-6,-6,-6,-9,-6,-6,0,0,0,0,0,0,0,0,0,0,7,0,57,0,0,0,0,0,113,90,90,90,90,90,143,149,1347,1335,29990,29991,29991,29992]} 1. d4 Nf6 2. c4 e6 3. Nc3 Bb4 4. a3 Bxc3+ 5. bxc3 O-O 6. e3 c5 7. Bd3 Nc6 8. Ne2 b6 9. e4 d6 10. O-O h6 11. f4 e5 12. fxe5 dxe5 13. d5 Na5 14. Ng3 {[#] E29: Nimzo-Indian: Sämisch: 5...0-0 6 e3 c5 7 Bd3 Nc6} Bg4 $146 ({Predecessor:} 14... Ne8 15. Ra2 Nd6 16. Qh5 f6 17. Bxh6 Qe8 18. Bxg7 Kxg7 19. Qh4 Qd8 20. Nh5+ Kg6 21. Qg3+ Kxh5 22. Qg7 {1-0 (22) Gonda,L (2465)-Ilincic,Z (2536) Budapest 2006}) 15. Be2 Bxe2 16. Qxe2 {White is slightly better.} Nb3 (16... Kh7 $14) 17. Rb1 (17. Bxh6 $1 $16 gxh6 18. Rad1) 17... Nxc1 $11 18. Rbxc1 g6 19. Qd2 Kg7 20. Rcd1 Qe7 21. Rf3 Rad8 22. Rd3 Rd7 23. Rf3 Ne8 24. Rdf1 Rd6 25. Qf2 Rf6 26. Rxf6 Nxf6 27. Qe2 Qd7 28. h4 h5 29. Qf3 ({Better is} 29. Rf3 $15) 29... Ng4 (29... Ne8 $142 30. Nxh5+ gxh5 31. Qg3+ Qg4 32. Qxe5+ Kg8) 30. Nh1 $17 {[%cal Bg3h1,Bh1f2,Bf2d1,Bd1e3,Be3f5][%mdl 32]} Qe7 31. Qg3 ({White should play} 31. g3 $1 $15) 31... Rd8 (31... f5 $1 $17 {And now ...f4 would win.} 32. exf5 gxf5) 32. Nf2 $11 Nf6 33. Qg5 Qd6 34. Re1 Nh7 35. Qg3 Re8 36. Nd1 Nf6 37. Ne3 Qd7 38. Nf5+ Kh7 (38... Kh8 $5 39. Nh6 $8 Ng8 40. Nxg8 Kxg8 $11) 39. Qg5 {Threatening mate with Qh6+.} Ng4 {aiming for ...f6.} 40. Ne3 $1 Nh6 ({Not} 40... f6 $2 41. Nxg4 $1 {[%mdl 512]} Qxg4 42. Qxf6 $16) 41. Rf1 Qe7 (41... Ng8 $1 $11) 42. d6 $40 {[%mdl 128] Black needs to defend precisely.} (42. Qf6 $14) 42... Qxd6 43. Nd5 {Hoping for Nf6+.} Re6 44. Nf6+ {[#]} Kg7 (44... Rxf6 $1 $11 {[%mdl 512]} 45. Qxf6 (45. Rxf6 Qd3) 45... Qd3) 45. Nxh5+ $1 $16 Kh7 46. Nf6+ Kg7 47. Nd5 Ng8 (47... f6 $142 48. Qg3 Kh7) 48. h5 {[%cal Bh4h5,Bh5h6][%mdl 32]} Ne7 $2 {[%mdl 8192]} (48... Re8 $16 49. Rf2 Qd8) 49. h6+ $18 Kf8 50. h7 Kg7 51. Rxf7+ {Precision: White = 58%, Black = 41%.} 1-0

[Event "Istanbul Open 2018"]
[Site "Istanbul"]
[Date "2018.09.03"]
[Round "3"]
[White "Mohannad, Farhan"]
[Black "Gulsoy, Mustafa Alpago"]
[Result "1/2-1/2"]
[WhiteElo "2201"]
[BlackElo "2061"]
[Annotator "NA"]
[PlyCount "95"]
[EventDate "2018.09.02"]
[EventType "swiss"]
[EventCountry "TUR"]
[SourceTitle "playchess.com"]
[Source "ChessBase"]
[SourceQuality "1"]
[TimeControl "5400+30"]

1. d4 {[%emt 0:00:30]} Nf6 {[%emt 0:08:30]} 2. c4 {[%emt 0:00:00]} e6 {[%emt 0:00:30]} 3. Nf3 {[%emt 0:00:00]} d5 {[%emt 0:00:30]} 4. Nc3 {[%emt 0:00:30]} a6 {[%emt 0:00:30]} 5. cxd5 {[%emt 0:00:30]} exd5 {[%emt 0:00:30]} 6. Bg5 {[%emt 0:00:00] D37: Queen's Gambit Declined: 5 Bf4} Be7 {[%emt 0:00:30]} (6... Be6 7. e3 Nbd7 8. Bd3 Bd6 9. Bf4 Qe7 10. O-O O-O 11. h3 Rfe8 12. Qc2 {½-½ (12) Aronian,L (2805)-Carlsen,M (2837) Riadh 2017}) 7. e3 {[%emt 0:00:00]} h6 {[%emt 0:01:30] LiveBook: 5 Games} 8. Bh4 {[%emt 0:00:30]} O-O {[%emt 0:01:30]} 9. Bd3 {[%emt 0:00:30]} Re8 {[%emt 0:03:30]} 10. Qc2 {[%emt 0:00:30]} c6 {[%emt 0:01:30]} 11. O-O {[%emt 0:00:30]} Ne4 {[%emt 0:02:30]} 12. Bxe7 {[%emt 0:00:00]} Qxe7 {[%emt 0:00:30]} 13. Bxe4 {[%emt 0:01:00]} dxe4 {[%emt 0:00:00]} 14. Nd2 {[%emt 0:00:30]} Bf5 {[%emt 0:00:00] [#]} 15. f3 $1 {[%emt 0:04:30]} Qg5 {[%emt 0:01:30]} 16. fxe4 $146 {[%emt 0:00:30]} Qxe3+ {[%emt 0:00:30]} 17. Kh1 {[%emt 0:00:00]} Bg6 {[%emt 0:00:00]} 18. d5 {[%emt 0:02:00]} Nd7 {[%emt 0:04:00]} 19. dxc6 {[%emt 0:05:30]} bxc6 {[%emt 0:00:30]} 20. Rae1 {[%emt 0:00:30]} Qg5 {[%emt 0:01:30]} 21. Nf3 {[%emt 0:01:30]} Qg4 {[%emt 0:04:30]} 22. h3 {[%emt 0:02:30]} Qh5 {[%emt 0:03:30]} 23. Nd4 c5 24. Nf5 Re5 25. Qd3 Nf6 26. Qd6 Re6 27. Qxc5 Rae8 {[%emt 0:58:30]} 28. b4 {[%emt 1:18:00]} Nxe4 {[%emt 0:10:30]} 29. Rxe4 {[%emt 0:06:30]} Rxe4 {[%emt 0:00:30]} 30. Nxe4 {[%emt 0:00:00]} Rxe4 {[%emt 0:00:30]} 31. Ne7+ {[%emt 0:01:31]} Kh7 {[%emt 0:01:00]} 32. Nxg6 {[%emt 0:00:38]} Qxc5 {[%emt 0:01:30]} 33. bxc5 {[%emt 0:00:08]} Kxg6 {[%emt 0:00:30]} 34. Rc1 {[%emt 0:00:55]} Re7 {[%emt 1:16:00]} 35. Rb1 {[%emt 1:35:13]} Rc7 {[%emt 0:00:30]} 36. Rb6+ {[%emt 0:00:30]} Kf5 {[%emt 0:00:30]} 37. c6 {[%emt 0:00:30]} a5 $1 {[%emt 0:00:30]} 38. Ra6 {[%emt 0:00:30]} Ke6 {[%emt 0:00:30]} 39. g4 {[%emt 0:00:30]} Kd5 {[%emt 0:00:30]} 40. Rxa5+ {[%emt 0:00:30]} Kxc6 {[%emt 0:00:30]} 41. Re5 {[%emt 0:00:22]} Kd6 {[%emt 0:00:30]} 42. Re2 {[%emt 0:00:08]} Rc3 {[%emt 0:00:30]} 43. Kg2 {[%emt 0:00:04]} g5 {[%emt 0:00:30]} 44. a4 {[%emt 0:01:38]} Ra3 {[%emt 0:00:30]} 45. Re4 {[%emt 0:00:04]} Ra2+ {[%emt 0:00:30]} 46. Kf3 {[%emt 0:00:19]} Ra3+ {[%emt 0:00:00]} 47. Kg2 {[%emt 0:00:00]} Ra2+ {[%emt 0:01:00]} 48. Kf3 $11 {[%emt 0:01:19]} 1/2-1/2